La personne humaine au XIII siecle: l'avenement chez les maitres parisiens de l'acception moderne de l'homme
Saved in:
| Main Author: | |
|---|---|
| Format: | Book |
| Language: | French |
| Published: |
París
J. Vrin
1991
|
| Series: | Bibliotheque Thomiste, 46
|
| Subjects: | |
| Tags: |
Add Tag
No Tags, Be the first to tag this record!
|
MARC
| LEADER | 00000nam a2200000 a 4500 | ||
|---|---|---|---|
| 001 | UCP2709 | ||
| 003 | CL-VaPUC | ||
| 008 | 990528e19910000FR |||||||||||||||||fre|d | ||
| 082 | 0 | 4 | |a 189.4 |b WEB |2 21 |
| 100 | 0 | |a Weber, Edouard Henri |e author |9 429659 | |
| 245 | 1 | 3 | |a La personne humaine au XIII siecle: l'avenement chez les maitres parisiens de l'acception moderne de l'homme |
| 300 | |a 546 p | ||
| 942 | |c BK | ||
| 945 | |d 19990528 00:00:00 |a rbrito | ||
| 260 | |a París |b J. Vrin |c 1991 | ||
| 650 | 0 | |a Escolasticismo |9 264998 | |
| 583 | |a last modification |c 20121002 11:14:42 |k Rodrigo Vera | ||
| 490 | 0 | |a Bibliotheque Thomiste, 46 | |
| 999 | |c 281208 |d 281206 | ||
| 952 | |0 0 |1 0 |4 0 |6 189_400000000000000_WEB_1991 |7 0 |8 A |9 321888 |a BIBEDU |b BIBEDU |d 2019-11-20 |i 3498581 |l 4 |m 2 |o 189.4 WEB 1991 |p 3498581 |q 2024-08-02 |r 2024-07-03 |s 2024-07-03 |w 2019-11-20 |y BK |k FIL | ||